Detalles MARC
| 000 -CABECERA |
| campo de control de longitud fija |
02254nam a2200265 a 4500 |
| 001 - NÚMERO DE CONTROL |
| campo de control |
000021979 |
| 005 - FECHA Y HORA DE LA ÚLTIMA TRANSACCIÓN |
| campo de control |
20240229161930.0 |
| 008 - DATOS DE LONGITUD FIJA--INFORMACIÓN GENERAL |
| campo de control de longitud fija |
100915s1979 dr 001 0 spa d |
| 040 ## - FUENTE DE LA CATALOGACIÓN |
| Centro catalogador/agencia de origen |
DO-SdBNP |
| Lengua de catalogación |
spa |
| Centro/agencia transcriptor |
BNPHU |
| 082 ## - NÚMERO DE LA CLASIFICACIÓN DECIMAL DEWEY |
| Número de clasificación |
972.93 |
| Número de documento/Ítem |
B562o |
| 049 ## - FONDOS LOCALES (OCLC) |
| Fondos de biblioteca |
BNPD |
| 100 1# - ENTRADA PRINCIPAL--NOMBRE DE PERSONA |
| Nombre de persona |
Betances de Pujadas, Estrella |
| 9 (RLIN) |
45564 |
| 245 10 - MENCIÓN DE TÍTULO |
| Título |
Origen y proyecciones del protectoralismo dominicano / |
| Mención de responsabilidad, etc. |
Estrella Betances de Pujadas ; palabras previas de Carlos Federico Pérez. |
| 260 ## - PUBLICACIÓN, DISTRIBUCIÓN, ETC. |
| Lugar de publicación, distribución, etc. |
Santo Domingo : |
| Nombre del editor, distribuidor, etc. |
Alfa y Omega, |
| Fecha de publicación, distribución, etc. |
1979. |
| 300 ## - DESCRIPCIÓN FÍSICA |
| Extensión |
179 p. ; |
| Dimensiones |
23 cm. |
| 504 ## - NOTA DE BIBLIOGRAFÍA, ETC. |
| Nota de bibliografía, etc. |
Incluye bibliografía y notas al final de capítulos. |
| 504 ## - NOTA DE BIBLIOGRAFÍA, ETC. |
| Nota de bibliografía, etc. |
Bibliografía: p. 173-175. |
| 505 0# - NOTA DE CONTENIDO CON FORMATO |
| Información miscelánea |
Palabras previas / |
| Mención de responsabilidad |
Carlos Federico Pérez -- |
| Información miscelánea |
Introducción -- |
| Título |
Nociones geográficas de la Isla de Santo Domingo y principales razones que despertaron el interés de otras naciones hacia ella -- |
| -- |
Formación de la colonia española de la Isla de Santo Domingo -- |
| -- |
Decadencia de La Española -- |
| -- |
Formación de la parte francesa de la Isla de Santo Domingo -- |
| -- |
Contradicción entre las partes española y francesa de la Isla de Santo Domingo -- |
| -- |
Justificados temores de la parte española de la isla debido a las trágicas experiencias vividas por esta comunidad -- |
| -- |
La búsqueda de la protección: |
| -- |
Toussaint Louverture -expedición de Leclerc -- |
| -- |
Juan Sánchez Ramírez -período de la reconquista -- |
| -- |
Núñez de Cáceres -- |
| -- |
Nuevos intentos en favor de España -- |
| -- |
Plan Levasseur y otros intentos protectoralistas anteriores a la proclamación de la 1ra República -- |
| -- |
Otros proyectos protectoralistas de menor importancia -- |
| -- |
1844 -Período de la 1ra República -- |
| -- |
1863 -Período de la anexión y de la Guerra de Restauración -- |
| -- |
La Segunda República -- |
| -- |
Gobierno de Ramón Cáceres -- |
| -- |
Ocupación militar norteamericana -- |
| -- |
Período de la Tercera República -- |
| Información miscelánea |
Conclusiones -- |
| -- |
Bibliografía. |
| 650 #4 - PUNTO DE ACCESO ADICIONAL DE MATERIA--TÉRMINO DE MATERIA |
| Término de materia o nombre geográfico como elemento de entrada |
Protectorados |
| Subdivisión general |
Historia |
| 9 (RLIN) |
45565 |
| 651 #4 - PUNTO DE ACCESO ADICIONAL DE MATERIA--NOMBRE GEOGRÁFICO |
| Nombre geográfico |
República Dominicana |
| Subdivisión general |
Historia |
| 9 (RLIN) |
170 |
| 651 #4 - PUNTO DE ACCESO ADICIONAL DE MATERIA--NOMBRE GEOGRÁFICO |
| Nombre geográfico |
República Dominicana |
| Subdivisión general |
Política Y Gobierno |
| -- |
Historia |
| 9 (RLIN) |
1212 |
| 651 #4 - PUNTO DE ACCESO ADICIONAL DE MATERIA--NOMBRE GEOGRÁFICO |
| Nombre geográfico |
Isla Hispaniola (Haití Y República Dominicana{Rpara} |
| Subdivisión general |
Colonias |
| -- |
Historia |
| 9 (RLIN) |
45566 |
| 700 1# - PUNTO DE ACCESO ADICIONAL--NOMBRE DE PERSONA |
| Nombre de persona |
Pérez, Carlos Federico, |
| Fechas asociadas al nombre |
1912-1984 |
| Término indicativo de función/relación |
pról. |
| 9 (RLIN) |
24849 |
| 910 ## - DATOS DE OPCIÓN DEL USUARIO (OCLC) |
| Datos de opción del usuario |
Validado. Control de calidad EMS |